films par métiers #9 - Statistiques

Statistiques générales
  • Ce quiz a été pris 61 fois
  • Le résultat moyen est 9 sur 20
Statistiques - réponses
Hint Réponse % Correct
Concierge et Surveillant (Argus Rusard) Harry Potter à l'école des sorciers (2001)
81%
Maréchal des Logis-chef (Ludovic Cruchot) Le Gendarme et les Gendarmettes (1982)
73%
Sergent-Chef (Chaudard) On a retrouvé la Septième Compagnie (1975)
65%
Documentaliste de Lycée (Francis Cèze) P.R.O.F.S (1985)
65%
Lieutenant de Vaisseau (Bradley "Rooster" Bradshaw) Top Gun : Maverick (2022)
65%
Créateur et Producteur de Télé Réalité (Christof) The Truman Show (1998)
60%
Institutrice (Jacqueline Lajoie) Le Maitre d'école (1981)
56%
Directeur d'un parc aquatique (Calvin Bouchard) Les Dents de la Mer 3 (1983)
56%
Biologiste Marin et Propriétaire d'une Animalerie (Carl Goodman) Piranha 3D (2010)
46%
Major / Tireur d'Elite (Erwin Konig) Stalingrad (2001)
42%
Formatrice en informatique Puis Agricultrice (Sandrine Dumez) Une Hirondelle a Fait le Printemps (2001)
40%
Cadre de la compagnie d'aide aux voyageurs "Planète Assistance" (Michel Bernardin) Banzaï (1983)
37%
Sergent (Roger Murtaugh) L'Arme Fatale (1987)
35%
Industriel des chemins de fer et Homme Politique/Conseiller (Mr Omura) Le Dernier Samouraï (2003)
31%
Professeur (Rainer Wenger) La Vague (2008)
29%
Commissaire Principal (Jean Letellier) Peur sur la Ville (1975)
23%
Expert en armes chimiques et agent spécial du FBI (Dr Stanley Goodspeed) Rock (1996)
21%
Réalisateur (Roman Bridger) Scream 3 (2000)
19%
Shérif (Mike Collins) Pluie d'Enfer (1998)
15%
Pilote d'hélicoptère (R. J. « Mac » MacReady) The Thing (1982)
13%
Aucun quiz correspondant
Distribution des résultats
% des personnes avec chaque résultat
Percentile par nombre de réponses
Votre historique - résultats
Vous n’avez pas pris ce quiz